A fragmented force: The evolution of federal law enforcement in the United States, 1870-1900

Gespeichert in:  
Bibliographische Detailangaben
1. VerfasserIn: Obert, Jonathan (Verfasst von)
Medienart: Elektronisch Aufsatz
Sprache:Englisch
Veröffentlicht: 2017
In: Journal of policy history
Jahr: 2017, Band: 29, Heft: 4, Seiten: 640-675
Online-Zugang: Volltext (lizenzpflichtig)
Verfügbarkeit prüfen: HBZ Gateway

MARC

LEADER 00000caa a22000002c 4500
001 1912562057
003 DE-627
005 20250115054957.0
007 cr uuu---uuuuu
008 241217s2017 xx |||||o 00| ||eng c
024 7 |a 10.1017/S0898030617000306  |2 doi 
035 |a (DE-627)1912562057 
035 |a (DE-599)KXP1912562057 
040 |a DE-627  |b ger  |c DE-627  |e rda 
041 |a eng 
084 |a 2,1  |2 ssgn 
100 1 |a Obert, Jonathan  |e VerfasserIn  |4 aut 
245 1 2 |a A fragmented force: The evolution of federal law enforcement in the United States, 1870-1900 
264 1 |c 2017 
336 |a Text  |b txt  |2 rdacontent 
337 |a Computermedien  |b c  |2 rdamedia 
338 |a Online-Ressource  |b cr  |2 rdacarrier 
773 0 8 |i Enthalten in  |t Journal of policy history  |d Cambridge [u.a.] : Cambridge Univ. Press, 1989  |g 29(2017), 4, Seite 640-675  |h Online-Ressource  |w (DE-627)320480755  |w (DE-600)2009759-1  |w (DE-576)266818641  |x 1528-4190  |7 nnas 
773 1 8 |g volume:29  |g year:2017  |g number:4  |g pages:640-675 
787 0 8 |i Forschungsdaten  |a Monkkonen, Eric  |t Police Departments, Arrests and Crime in the United States, 1860-1920  |d [Erscheinungsort nicht ermittelbar] : [Verlag nicht ermittelbar], 1984  |w (DE-627)1840062770 
856 4 0 |u https://doi.org/10.1017/S0898030617000306  |x Resolving-System  |z lizenzpflichtig  |3 Volltext  |7 1 
935 |a mkri 
951 |a AR 
ELC |a 1 
LOK |0 000 xxxxxcx a22 zn 4500 
LOK |0 001 4637527554 
LOK |0 003 DE-627 
LOK |0 004 1912562057 
LOK |0 005 20241217044509 
LOK |0 008 241217||||||||||||||||ger||||||| 
LOK |0 035   |a (DE-2619)ICPSR140626 
LOK |0 040   |a DE-2619  |c DE-627  |d DE-2619 
LOK |0 092   |o n 
LOK |0 852   |a DE-2619 
LOK |0 852 1  |9 00 
LOK |0 935   |a nacp 
LOK |0 939   |a 17-12-24  |b l01 
ORI |a SA-MARC-krimdoka001.raw